Anglicisms in Slovak and German: Teaching Lexical Borrowing through Linguistic Awareness Activities
Skúmanie anglických lexikálnzch výpožičiek – anglicizmov – v slovenčine a nemčine z hľadiska vyučovania a učenia sa. Vychádzajúc zo zavedených teórií jazykového kontaktu, článok predstavuje pedagogické aktivity, zamerané na rozvoj jazykového povedomia, morfologického porozumenia a sociolingvistickéh...
Saved in:
| Main Author: | |
|---|---|
| Format: | Book Chapter |
| Language: | English |
| Subjects: | |
| Tags: |
No Tags, Be the first to tag this record!
|
MARC
| LEADER | 00000naa$a2200000$$$4500 | ||
|---|---|---|---|
| 001 | 0314112 | ||
| 005 | 20260116122720.2 | ||
| 041 | 0 | |a eng | |
| 044 | |a CZ | ||
| 245 | 1 | 0 | |a Anglicisms in Slovak and German: Teaching Lexical Borrowing through Linguistic Awareness Activities |c Alexandra Mandáková |
| 520 | |a Skúmanie anglických lexikálnzch výpožičiek – anglicizmov – v slovenčine a nemčine z hľadiska vyučovania a učenia sa. Vychádzajúc zo zavedených teórií jazykového kontaktu, článok predstavuje pedagogické aktivity, zamerané na rozvoj jazykového povedomia, morfologického porozumenia a sociolingvistického vnímania študentov. Porovnaním slovenčiny a nemčiny, dvoch typologicky odlišných jazykov s rôznymi historickými vzťahmi k angličtine, článok demonštruje, ako môžu anglicizmy slúžiť ako praktické nástroje na výučbu slovnej zásoby, morfológie, jazykových postojov a kritického jazykového povedomia. | ||
| 610 | 2 | 0 | |a angličtina |
| 610 | 2 | 0 | |a nemčina |
| 610 | 2 | 0 | |a slovenčina |
| 610 | 2 | 0 | |a jazyky cudzie |
| 610 | 2 | 0 | |a výučba vedecká |
| 610 | 2 | 0 | |a morfológia |
| 610 | 2 | 0 | |a lexikológia |
| 610 | 2 | 0 | |a pedagogika |
| 610 | 2 | 0 | |a filológia |
| 610 | 2 | 0 | |a globalizácia |
| 100 | 1 | |a Mandáková, Alexandra, 1980- | |